The curriculum readers /

Bibliographic Details
Main Author: Baker, Clara Belle
Other Authors: Baker, Edna Dean, 1883-1956, Reed, Mary Maud, 1880-1960
Format: Book
Language:English
Published: Indianapolis : The Bobbs-Merrill company, [1937-38]
Subjects:

MARC

Tag First Indicator Second Indicator Subfields
LEADER 00000cam a2200000 i 4500
001 in00000083712
005 20151008053140.0
008 770523m19371938inua b 00110 engm
010 |a  38031969  
035 |a (OCoLC)02988674 
035 |9 AAH6413AM 
040 |a DLC  |c NIE  |d TXA  |d UtOrBLW 
049 |a TXAM  |v 4 [110803]  |v 5 [110804]  |v 6 [110805] 
050 0 0 |a PE1117  |b .B215 1937 
092 |a 372.4  |b B167c 
100 1 |a Baker, Clara Belle. 
245 1 4 |a The curriculum readers /  |c by Clara Belle Baker, Mary Maud Reed, Edna Dean Baker. 
264 1 |a Indianapolis :  |b The Bobbs-Merrill company,  |c [1937-38] 
300 |a 8 volumes :  |b illustrations ;  |c 20 cm. & manuals. 
336 |a text  |b txt  |2 rdacontent 
337 |a unmediated  |b n  |2 rdamedia 
338 |a volume  |b nc  |2 rdacarrier 
500 |a 4th-8th readers, by Clara Belle Baker and Edna Dean Baker. 
504 |a Includes bibliographies. 
505 0 |a pre-primer. Playmates. 1938.--primer. Friends for every day. 1938.--1st reader. Friends in town and country. 1938.--2d reader. Friends here and away. 1938.--3d reader. Friends around the world. 1938.--4th reader. The earth we live on. 1937.--5th reader. Making America. 1937.--6th reader. Our world and others. 1938. 
650 0 |a Readers. 
700 1 |a Baker, Edna Dean,  |d 1883-1956. 
700 1 |a Reed, Mary Maud,  |d 1880-1960. 
999 |a MARS 
999 f f |s 68644a2f-60af-3b6c-81dd-6c7cb4896756  |i 82538ca7-6a51-3f86-a7f1-30334ae71b52  |t 0 
952 f f |p normal  |a Texas A&M University  |b College Station  |c Sterling C. Evans Library  |d Evans: Library Stacks  |t 0  |e PE1117 .B215 1937  |h Library of Congress classification  |i unmediated -- volume  |k v.4  |m A14800850567 
952 f f |p normal  |a Texas A&M University  |b College Station  |c Sterling C. Evans Library  |d Evans: Library Stacks  |t 0  |e PE1117 .B215 1937  |h Library of Congress classification  |i unmediated -- volume  |k v.6  |m A14800850583 
952 f f |p normal  |a Texas A&M University  |b College Station  |c Sterling C. Evans Library  |d Evans: Library Stacks  |t 0  |e PE1117 .B215 1937  |h Library of Congress classification  |i unmediated -- volume  |k v.5  |m A14800850575 
998 f f |a PE1117 .B215 1937  |s v.4-v.6  |t 0  |l Evans: Library Stacks